000
00266nam a2200097Ia 4500
008
241105s9999 xx 000 0 und d
041
_a
eng
100
_a
Shinde Shweta
_9
182644
245
_a
Agro Tourism Resort In Panchgani
260
_b
Final Year B.Arch ID, Pune
_c
2014
999
_c
360935
_d
360935